Vista normal Vista MARC

Entrada Topical Term

Número de registros utilizados en: 2

001 - CONTROL NUMBER

  • control field: 62648

003 - CONTROL NUMBER IDENTIFIER

  • control field: OSt

005 - DATE AND TIME OF LATEST TRANSACTION

  • control field: 20250820153152.0

008 - FIXED-LENGTH DATA ELEMENTS

  • fixed length control field: 250820|| aca||aabn | a|a d

040 ## - CATALOGING SOURCE

  • Original cataloging agency: OSt
  • Transcribing agency: OSt

150 ## - HEADING--TOPICAL TERM

  • Topical term or geographic name entry element: Guerra
  • Topical term or geographic name entry element: Cuentos infantiles

670 ## - SOURCE DATA FOUND

  • Source citation: Work cat.: (OSt)58202: Swindells, Robert, 1939- 62647, Hermano en la tierra /









Instituto Departamental de Cultura del Meta - Red Departamental de Bibliotecas Públicas del Meta.